000 04129nam0a22005171 4500
001 RU\NLR\A1\12190
005 20260407090925.0
035 _a(NLR Aleph) 009674665
090 _a9677413
_c9677413
100 _a19970814d1794 m y0rusy50 ca
101 0 _arus
102 _aRU
135 _acogo 008apabr
135 _acogo 008apabr
140 _ay y aayaa0000
200 1 _aЕя императорскому величеству Екатерине Второй императрице и самодержице всероссийской на день коронования ея величества, и установления кавалерскаго ордена св. равноапостольнаго князя Владимира, сентября 22 благоговейно приносит верноподданный С.Д.
210 _aВ Санктпетербурге
_cпри Императорской Академии наук
_d1794
215 _a19, [1] с.
_d4°
300 _aОда
316 _aЭкз. РНБ (18.154.1.339) в золотистой бумажной обл. На 1-й с. обл. ярлык с шифром РНБ. На 2-й с. обл. два ярлыка РНБ: с соврем. и устарев. шифрами РНБ. Один из ярлыков частично закрывает экслибрис Эрмитаж. б-ки. На 4-й с. обл. Экслибрис рус. фонда РНБ с шифром. На тит. л. и с.[8] круглый штамп ГПБ.
_5NLR: 18.154.1.339
316 _aЭкз. РНБ (18.153.2.45) является частью конволюта. Припл. к: [Его сиятельству графу Алексею Андреевичу Аракчееву. 1815 года ноября 6 дня : [Стихотворение]. - [Б.м.], [1815?]].
_5NLR: 18.153.2.45
317 _aВ экз. РНБ (18.154.1.339) на форзаце экслибрис Эрмитажной б-ки (Богомолов 17894).
_5NLR: 18.154.1.339
321 _aСК XVIII 1856
325 _aКопия доступна в Электрон. б-ке РНБ
482 0 _1001RU\NLR\19V\935698
_12001#$aЕго сиятельству графу Алексею Андреевичу Аракчееву. 1815 года ноября 6 дня$e[Стихотворение]
_1210##$a[Б.м.]$d[1815?]
_910157440
_c[Б.м.
_d1815]
_p[4] с.
_tЕго сиятельству графу Алексею Андреевичу Аракчееву. 1815 ноября 6 дня
518 1 _aЕе императорскому величеству Екатерине Второй императрице и самодержице всероссийской на день коронования ее величества, и установления кавалерского ордена св. равноапостольного князя Владимира, сентября 22 благоговейно приносит верноподданный С.Д.
600 0 _aЕкатерина
_cимператрица российская
_dII
_f1729 - 1796
_91053825
_3RU\NLR\AUTH\66407813
620 _dСанкт-Петербург
700 1 _4070
_7ca
_8rus
_aДжунковский
_bС. С.
_f1762-1839
_gСтепан Семёнович
_9170729
_3RU\NLR\AUTH\770170779
712 0 2 _4610
_aАкадемическая типография
_cПетербург
_9303965
_3RU\NLR\AUTH\8815379
790 0 _6z01700
_aС.Д.
801 0 _aRU
_bNLR
_c19970814
852 _aNLR
_j18.153.2.45
852 _aNLR
_j18.154.1.339
856 0 _uhttps://vivaldi.nlr.ru/bx000010159/view#page=336
856 1 _uhttp://vivaldi.nlr.ru/bx000010159/cover
856 2 _uhttp://vivaldi.nlr.ru/bx000010159/text
899 _aНБ Эрм.
942 _cBOOK
980 _aNB
980 _aA1XVIIIv
981 3 6 _a(36) Цифровой репозиторий РНБ
981 2 0 _a(20) Книжные памятники РНБ
_b(20) Русский книжный фонд
981 2 9 _a(29) Редкая книга